| 000 | 01017cam a2200253 i 4500 | ||
|---|---|---|---|
| 005 | 20260204123308.0 | ||
| 008 | 250721s2000 jo gr 000 0 ara d | ||
| 020 | _a9957407150 | ||
| 082 | 1 | 4 |
_a372.21 _bم غ ل |
| 100 | 1 |
_aأبو مغلي، سميح _eمؤلف. |
|
| 245 | 1 | 0 |
_aأساليب تعليم القراءة والكتابة / _cتأليف الدكتور سميح أبو مغلي، الدكتور عبد الحافظ سلامة. |
| 250 | _aالطبعة الأولى. | ||
| 264 | 3 | 1 |
_aعمان : _bدار يافا للنشر والتوزيع والطبعة، _c2000. |
| 300 | _a176 صفحة. | ||
| 490 | 0 |
_aسلسلة العلوم التربوية ؛ _vرقم 1. |
|
| 650 | 1 | 7 | _aالتدريس. |
| 650 | 1 | 7 | _aالتعلم. |
| 650 | 1 | 7 | _aطرق التدريس. |
| 650 | 1 | 7 | _aمرحلة ما قبل المدرسة. |
| 700 | 1 |
_aسلامه، عبد الحافظ _eمؤلف. |
|
| 830 | 0 | _aسلسلة العلوم التربوية. | |
| 942 |
_2ddc _cBK |
||
| 999 |
_c27601 _d27601 |
||